Internet přináší vyšší úroveň optimalizace logistiky

Elektronické obchodovanie a logistika. Riadenie zásob s využitím internetu (VMI - Vendor managed inventory). Spolupráca na vývoji nových produktov. Spolupráca s dodávateľmi.

Salvato in:
Dettagli Bibliografici
Natura: Capitolo di libro
Lingua:ceco
Soggetti:
Tags: Aggiungi Tag
Nessun Tag, puoi essere il primo ad aggiungerne!!

MARC

LEADER 00000naa a2200000 4500
001 r040303
005 20231003122946.5
041 0 |a cze 
044 |a CZ 
245 1 0 |a Internet přináší vyšší úroveň optimalizace logistiky 
520 |a Elektronické obchodovanie a logistika. Riadenie zásob s využitím internetu (VMI - Vendor managed inventory). Spolupráca na vývoji nových produktov. Spolupráca s dodávateľmi. 
610 2 0 |a technológie informačné 
610 2 0 |a logistika integrovaná 
610 2 0 |a optimalizácia 
610 2 0 |a dodávatelia 
610 2 0 |a zákazníci 
610 2 0 |a vývoj výrobku 
610 2 0 |a reťazce logistické 
610 2 0 |a obchod elektronický 
610 2 0 |a internet